| 000 | 01365nam a2200301 i 4500 | ||
|---|---|---|---|
| 001 | 184661 | ||
| 003 | ES-MaACL | ||
| 005 | 20240510193409.0 | ||
| 008 | 151103s2005 sp |||| |dspa d | ||
| 020 | _a84-473-4612-9 | ||
| 080 | _a821.134.2-82"19" | ||
| 100 | 1 |
_aJiménez, Juan Ramón, _d1881-1958 _966417 |
|
| 245 | 1 | 0 |
_aAntolojía jeneral en prosa _b: 1898-1954 / _cJuan Ramón Jiménez ; selección, organización y prólogo por Ángel Crespo y Pilar Gómez Bedate ; [introducción, Antonio Sánchez-Barbudo]. |
| 246 | 3 | 4 |
_aObras selectas _fI |
| 260 |
_aBarcelona : _bRBA, _c[2005] |
||
| 300 |
_a1144 p. ; _c21 cm. |
||
| 490 | 1 |
_aObras selectas ; _v1 |
|
| 500 | _aÍndice. | ||
| 505 | 8 |
_aContiene: ; _tProsa lírica (Con el carbón del sol) ; _tProsa crítica (El andarín de su órbita) ; _tDiario vital y estético ; _tCartas - Apéndice I: Prólogos a libros no realizados - Apéndice II: ; _tUna carta de Zenobia Camprubí de Jiménez a José Ruiz-Castillo |
|
| 700 | 1 |
_aCrespo, Ángel, _d1926-1995 _941513 |
|
| 700 | 1 |
_aGómez Bedate, Pilar, _d1936-2017 _957833 |
|
| 700 | 1 |
_aSánchez Barbudo, Antonio. _9102480 |
|
| 710 | 2 |
_aInstituto Cervantes. _94811 |
|
| 830 | 0 |
_aObras selectas ; _v1 _9232559 |
|
| 852 |
_aES-MaACL _jA-13561 _9191669 _bR.150456 _cDEPO1 _dOlim: N-6561 |
||
| 942 |
_2udc _cMONOGRAFIA |
||
| 999 |
_c184661 _d184661 |
||